| 000 | 00706nam a2200217 i 4500 | ||
|---|---|---|---|
| 001 | 81267 | ||
| 003 | ES-MaACL | ||
| 005 | 20250708063323.0 | ||
| 007 | t| | ||
| 008 | 041103s1982 sp ||||1| spa d | ||
| 100 | 1 |
_aHume, David, _d1711-1776 _964719 |
|
| 245 | 1 | 0 |
_aDe la moral y otros escritos / _cDavid Hume ; prólogo, traducción y notas de Dalmacio Negro Pavón. |
| 250 | _a[1ª ed.]. | ||
| 260 |
_aMadrid : _bCentro de Estudios Constitucionales, _c1982. |
||
| 300 |
_aCXIII, 289 p. ; _c20 cm. |
||
| 490 | 1 | _aColección civitas | |
| 700 | 1 |
_aNegro Pavón, Dalmacio. _985316 |
|
| 830 | 0 |
_aColección civitas _9181171 |
|
| 852 |
_aES-MaACL _jL-4375 _bR.105208 |
||
| 999 |
_c81267 _d81267 |
||